Mots: nourriture en B (FR --> EN) - Statistiques

Statistiques générales
  • Ce quiz a été pris 45 fois
  • Le résultat moyen est 9 sur 10
Statistiques - réponses
Hint Réponse % Correct
Banane Banana
100%
Bière Beer
100%
Beurre Butter
100%
Boeuf Beef
92%
Bonbon Candy
90%
Boisson Drink
87%
Baie Berry
85%
Brocoli Broccoli
77%
Biscuit Cookie
62%
Beigne Donut
62%
Aucun quiz correspondant
Distribution des résultats
% des personnes avec chaque résultat
Percentile par nombre de réponses
Votre historique - résultats
Vous n’avez pas pris ce quiz